1564 1191 1708 1119 1557 1618 1885 1681 1925 1367 1175 1362 1581 1312 1010 1696 1871 1706 1328 1764 1234 1113 1087 1438 1844 1185 1799 1846 1810 1619 1482 1394 1202 1932 1925 1416 1077 1277 1322 1178 1522 1183 1911 1700 1187 1540 1633 1021 1033 1365 1648 1117 1310 1891 1110 1798 1432 1953 1010 1062 1971 1866 1535 1438 1841 1527 1584 1214 1038 1526 1172 1782 1304 1947 1387 1512 1611 1962 1264 1715 1201 1593 1886 1680 1912 1073 1528 1689 1591 1146 1644 1336 1035 1400 1696 1405 1356 1684 1806 BCNSPRNW ULIB Ver.6.0+V

เปลี่ยนเป็นภาษาไทย

Change to English
 แสดงรายละเอียดบรรณานุกรม
  กลับหน้าหลัก

Brief Record : Get Marc (ISO 2709) : E-mail record : QR code < ปิดหน้าต่าง
LEADER : 00000nam 2200000uu 4500
001    13399112743
003     ULIB
008    110908s2547||||th 000 0 tha d
020    9749210808
050  4 LB1028.5^bว865บ 2547
100 0  วุฒิชัย ประสารสอย
245 10 บทเรียนคอมพิวเตอร์ช่วยสอน :^bนวัตกรรมเพื่อการศึกษา /^cวุฒิชัย ประสารสอย, บรรณาธิการ
250    พิมพ์ครั้งที่ 2 (ปรับปรุงครั้งที่ 1)
260    กรุงเทพฯ :^bภาควิชาพยาบาลศาสตร์คณะแพทยศาสตร์โรงพยาบาลรามาธิบดี มหาวิทยาลัยมหิดล,^c2547
300    [5], 320 หน้า :^bภาพประกอบ; ^c22 ซม.
650  0 Computer^xAssisted instruction
650  4 คอมพิวเตอร์ช่วยสอน
710 2  มหาวิทยาลัยมหิดล. ^bคณะแพทยศาสตร์โรงพยาบาลรามาธิบดี.^bภาควิชาพยาบาลศาสตร์.
945    ^p250^l0^i026714
995    ทศพร
999 ^a ทศพร
รายการนี้ยังไม่มีแท็ก
คุณยังไม่ได้ล็อกอิน คุณสามารถมีกิจกรรมร่วมกับเว็บไซต์ได้ แต่ต้องล็อกอินก่อน ::
  ล็อกอิน

รายการสื่อสารสนเทศ

ลำดับที่ ประเภท เลขเรียก/บาร์โค้ด สถานที่ สถานะ
- ไม่พบข้อมูล -

รายการใกล้เคียง
    หัวเรื่อง [คอมพิวเตอร์ช่วยสอน]

BibComment


ยังไม่เคยถูกคอมเมนท์

คอมเมนท์ทรัพยากรรายการนี้
  คอมเมนท์: บทเรียนคอมพิวเตอร..


 Copyright 2026. Bcnsprnw @Library